Vybrané prvky zvyšování efektivnosti dopravy ve vyspělých zemích

Salvato in:
Dettagli Bibliografici
Autore principale: Sušil, Jaroslav
Natura: Libro
Lingua:ceco
Pubblicazione: Praha Ústředí vědeckých, technických a ekonomických informací 1979
Tags: Aggiungi Tag
Nessun Tag, puoi essere il primo ad aggiungerne!!

MARC

LEADER 00000nam a2200000 4500
001 0223278
005 20240822101704.0
041 0 |a cze 
044 |a CZ 
245 1 0 |a Vybrané prvky zvyšování efektivnosti dopravy ve vyspělých zemích  |c Jaroslav Sušil 
264 1 |a Praha  |b Ústředí vědeckých, technických a ekonomických informací  |c 1979 
300 |a 69 s. 
100 1 |a Sušil, Jaroslav